000 00639nam a2200205 a 4500
003 BD-DhJNU
005 20241201065632.0
008 241101s2017 ii a b 001 0 eng
020 _a9840757105
040 _aBD-DhJNU
_bENG
_cBD-DhJNU
_dBD-DhJNU
082 0 0 _a398.209 KHE
_223
100 1 _aKhatun, Shahida
245 1 0 _aExhibition catalogue of the folk heritage museum of Bangla academy /
_cShahida Khatun and Firoz Mahmud
260 _aDhaka :
_bBangla Academy,
_c2017.
300 _axiv, 312 p. :
_bill. ;
_c27 cm.
504 _aIncludes bibliographical references.
650 0 _aFolk Heritage
700 1 _aMahmud, Firoz
942 _cBK
999 _c960
_d960